000 01675cam a2200373 a 4500
999 _c128480
_d128480
001 12987191
005 20181101124851.0
008 020905s2001 rh b 000 0 eng
010 _a 2002345814
040 _aDLC
_cDLC
_dDLC
042 _alcode
043 _af-rh---
050 0 0 _aBR115C8 E49
082 0 0 _a264/.020985096891
_222
100 1 _aElsener, Joseph.
_943208
245 1 0 _aTraditional and Christianised rites of accommodating the spirit of the dead :
_bthe history of a case of inculturation in Zimbabwe /
_cJosef Elsener, Fritz Kollbrunner.
246 1 4 _aAccommodating the spirit of the dead
260 _aHarare :
_bTheological Reflection and Exchange Dept. of the Inter-regional Meeting of the Bishops of Southern Africa,
_c2001.
300 _aiv, 65 p. ;
_c21 cm.
440 0 _aIMBISA occasional papers ;
_vno. 6
_943209
504 _aIncludes bibliographical references (p. 54-65).
610 2 0 _aCatholic Church
_xMissions
_zZimbabwe.
_943210
650 0 _aShona (African people)
_xFuneral customs and rites
_zZimbabwe.
_943211
650 0 _aChristianity and culture
_zZimbabwe.
_943212
650 0 _aAncestor worship
_zZimbabwe.
_943213
651 0 _aZimbabwe
_xReligious life and customs.
_943214
651 0 _aZimbabwe
_xSocial life and customs.
_914790
700 1 _aKollbrunner, Fritz.
_97274
710 2 _aCatholic Church.
_bInterregional Meetings of the Bishops of Southern Africa.
_bTheological Reflection and Exchange Department.
_943215
906 _a7
_bcbc
_corigode
_d3
_encip
_f20
_gy-gencatlg
942 _2lcc
_cMONOGRAPH